Niên giám thống kê huyện Vĩnh Thạnh năm 2011
Sách tập hợp các số liệu về kinh tế , văn hóa, xã hội của huyện Vĩnh Thạnh - thành phố Cần Thơ năm 2011, được thu thập chỉnh lý và hệ thống theo quy định chung của Tổng Cục Thống kê
保存先:
| 共著者: | , |
|---|---|
| フォーマット: | 図書 |
| 言語: | Undetermined |
| 出版事項: |
Cần Thơ
Cục Thống kê thành phố Cần Thơ
2012
|
| 主題: | |
| タグ: |
タグ追加
タグなし, このレコードへの初めてのタグを付けませんか!
|
| Thư viện lưu trữ: | Trung tâm Học liệu Trường Đại học Cần Thơ |
|---|
| LEADER | 01154nam a2200229Ia 4500 | ||
|---|---|---|---|
| 001 | CTU_178875 | ||
| 008 | 210402s9999 xx 000 0 und d | ||
| 020 | |c 144000 | ||
| 082 | |a 315.9793 | ||
| 082 | |b C506vt/2011 | ||
| 110 | |a Cục Thống kê thành phố Cần Thơ | ||
| 110 | |b Chi cục thống kê Huyện Vĩnh Thạnh | ||
| 245 | 0 | |a Niên giám thống kê huyện Vĩnh Thạnh năm 2011 | |
| 245 | 0 | |c Cục Thống kê thành phố Cần Thơ. Chi cục thống kê Huyện Vĩnh Thạnh | |
| 260 | |a Cần Thơ | ||
| 260 | |b Cục Thống kê thành phố Cần Thơ | ||
| 260 | |c 2012 | ||
| 520 | |a Sách tập hợp các số liệu về kinh tế , văn hóa, xã hội của huyện Vĩnh Thạnh - thành phố Cần Thơ năm 2011, được thu thập chỉnh lý và hệ thống theo quy định chung của Tổng Cục Thống kê | ||
| 650 | |a Statistics,Số liệu thống kê | ||
| 650 | |z Vietnam,CanTho,Việt Nam,Cần Thơ | ||
| 910 | |a Nguyên | ||
| 980 | |a Trung tâm Học liệu Trường Đại học Cần Thơ | ||